000 01653cam a22004574i 4500
003 PE-LiUPU
005 20250731172943.0
008 150623s r 000 0 d
020 _a0310485517
035 _a(Sirsi) i9780310485513
040 _aPE-LiUPU
_bspa
_cPE-LiUPU
_erda
049 _aPRUA
082 0 4 _a253.2
_bD85
_221
100 1 _aDobson, Lorna,
_eautor.
245 1 0 _aI'm more than the pastor's wife /
_cLorna Dobson.
264 1 _aMichigan :
_bZondervan Publishing House,
_c1995.
300 _a141 páginas ;
_c20 centímetros
336 _atext
_2rdacontent
337 _aunmediated
_2rdamedia
338 _avolume
_2rdacarrier
504 _aIncluye bibliografía.
505 0 _aThe Bible : the only blueprint for "Pastor's Wife". -The struggle for balance. -What's the price for excess baggage?. -Who really comes first?. -Feeling Alone. -Taking care of me. -Partnership includes submission. -Enough is enough: setting boundaries. -A sure calling.
526 _aSEG42
526 _aSEG41
526 _aSEG40
526 _aSEG39
526 _aP94
526 _aP87
526 _aP86
526 _aP85
526 _aP77
526 _aP76
526 _aP35
650 0 4 _aEsposas de pastores.
942 _2ddc
_cBOOK
949 _a253.2 D85
_wDEWEY
_c1
_i44677
_lCCODEBUL1
_mBUL
_r0
_sY
_tBOOK
_u2015-6-24
_xTEOLOGIA
_PP35
_0COMPRA
_o.STAFF. Colección General
994 _aC0
_bPEPRU
596 _a1
999 _a253.2 D85
_wDEWEY
_c21539
_i44677
_f2021-11-12
_g5
_lCCODEBUL1
_mBUL
_r0
_sY
_tBOOK
_u2015-6-24
_xTEOLOGIA
_PP35
_0COMPRA
_o.STAFF. Colección General
_d21539
980 _81
_gALBERTO SANCHEZ Responsable de Automatización